[LEGACY] Cultura generale ITA #2 - Statistics

Statistiche generali
  • Questo quiz è stato fatto 243 volte
  • Il punteggio medio è 10 su 20
Statistiche sulle risposte
Hint Risposta % Corretto
Società italiana che produce la Nutella Ferrero
99%
Cognome di un famoso conduttore televisivo italiano e marca di riso Scotti
94%
Seconda capitale del regno d'Italia Firenze
89%
Autore del testo dell'Inno d'Italia Goffredo Mameli
83%
Anno dell'Unità d'Italia 1861
77%
Dolce tipico del sud italia ripieno di ricotta (plurale) Cannoli
76%
Divulgatore storico e autore, figlio di un grande divulgatore scientifico televisivo Alberto Angela
71%
Città occupata tra le due guerre mondiali da un famoso poeta italiano Fiume
66%
Oh mia bela madunina, che te brillet de... lontan
53%
Anno in cui l'Italia ha vinto la prima coppa del mondo di calcio maschile 1934
52%
Quale squadra di calcio è al quarto posto per scudetti vinti in serie A? Genoa
52%
Ultimo pilota di formula 1 ad essere campione del mondo con la Ferrari (aggiornato al 2023) Kimi Raikonnen
32%
Da che film di Bud Spencer e Terence Hill è tratta la celebre frase "Che cosa hai detto di mia madre?" Lo chiamavano Trinità
25%
Politico e intellettuale italiano, ministro della pubblica istruzione durante il periodo fascista Giovanni Gentile
24%
Politico detto "Ministro della mala vita" Giovanni Giolitti
17%
Il 69 DC è ricordato come l'anno dei..? Quattro imperatori
11%
Giocatore della nazionale italiana di pallacanestro che ha sbagliato due liberi ai quarti di finale dell'europeo 2022 contro la Francia (Suggerimento: si scrive tutto attaccato) SIMONEFONTECCHIO
11%
Battaglia in cui ha combattuto Dante Campaldino
9%
Un famoso canale italiano di YouTube Poop Nocoldiz
7%
Vero nome del matematico Fibonacci Leonardo Pisano
4%
Nessun quiz corrispondente trovato
Distribuzione punteggi
Percentuale di utenti per punteggio
Percentile per numero di risposta
I tuoi punteggi nel tempo
Non hai fatto questo quiz